000 00245nam a2200109Ia 4500
005 20251222144805.0
008 251222s9999||||xx |||||||||||||| ||spa||
082 _a379.2/T22
245 0 _aPolĂ­ticas Educativas:
264 _bTarea
942 _cLIB
999 _c19885
_d19885